Städte im Einzugsgebiet der Mosel - Statistiken

Allgemein
  • Dieses Quiz wurde 120 mal gespielt
  • Das Durchschnittsergebnis liegt bei 4 aus 6
Antwortstatistiken
Einwohner Stadt % Korrekt
110.570 Trier
95%
113.638 Koblenz
94%
179.634 Saarbrücken
66%
118.489 Metz
65%
128.494 Luxemburg
58%
105.058 Nancy
52%
Keine übereinstimmenden Quizze gefunden
Verteilung der Resultate
Anzahl Personen mit jedem Resultat
Perzentil nach korrekt beantworteten Fragen
Ihre Resultats-Entwicklung
Sie haben dieses Quiz noch nicht gespielt